| 000 | 00383cam a2200145ua 4500 | ||
|---|---|---|---|
| 041 |
_aeng _h |
||
| 082 |
_a621.9 _bDIX/TE |
||
| 100 | _aDixit, C.G. | ||
| 245 |
_aText book of engineering workshop technology, Part.I / _cC.G.Dixit. _hTextual Documents |
||
| 260 |
_aPoona : _bUnited Book Corporation , _c1960. |
||
| 300 | _a232 ; . | ||
| 504 | _a | ||
| 942 | _cBK | ||
| 999 |
_c8767 _d8767 |
||